000 00662nam a22002297a 4500
003 OSt
005 20160621185507.0
008 160621b xxu||||| |||| 00| 0 eng d
020 _a0824719522
040 _cDNLM
082 _aQY400 L111i 1999
100 _aEdited by Lennette, Edwin H.; Smith Thomas F.
_99506
245 _aLaboratory Diagnosis of Viral Infections
250 _a3rd ed, Rev & expanded
260 _aNew York; Marcel Dekker, 1999
300 _axiii,868p; ill: 26cm
504 _aReferences, & index included
650 _aLaboratory Diagnosis
_92306
650 _aVirology
_9893
650 _aViral infection
_99507
942 _2z
_cO_SHELF
999 _c4429
_d4429